LEADER 03731oas 2201429 a 450 001 9910145992203321 005 20251105213014.0 011 $a1549-4918$l1066-5099$y1066-5099$21 035 $a(OCoLC)46598022 035 $a(CONSER) 2004212227 035 $a(CKB)1000000000427764 035 $a(EXLCZ)991000000000427764 100 $a20010326a19939999 sy a 101 0 $aeng 135 $aurcn||||||||| 181 $ctxt$2rdacontent 182 $cc$2rdamedia 183 $acr$2rdacarrier 200 10$aStem cells 210 $aDayton, Ohio $cAlphaMed Press 210 2 $a[Hoboken, NJ] $cWiley-Blackwell 210 3 $aOxford ;$aCary, NC $cOxford University Press 531 0 $aStem cells 606 $aCloning$vPeriodicals 606 $aClone cells$vPeriodicals 606 $aStem cells$vPeriodicals 606 $aCell differentiation 606 $aClone cells 606 $aHematopoietic stem cells 606 $aStem cells 606 $aCell Differentiation 606 $aCell Division 606 $aClone Cells 606 $aHematopoietic Stem Cells 606 $aStem Cells 606 $aClonage$vPe?riodiques 606 $aClones cellulaires$vPe?riodiques 606 $aCellules souches$vPe?riodiques 606 $aCellules$xDiffe?renciation 606 $aClones cellulaires 606 $aCellules souches he?matopoi?e?tiques 606 $aCellules souches 606 $aCélulas madre$vPublicaciones perio?dicas$2csicau 606 $aHematopoietic stem cells$2fast$3(OCoLC)fst00954931 606 $aCell differentiation$2fast$3(OCoLC)fst00850182 606 $aClone cells$2fast$3(OCoLC)fst00864572 606 $aCloning$2fast$3(OCoLC)fst00864579 606 $aStem cells$2fast$3(OCoLC)fst01132975 608 $aPeriodical. 608 $aperiodicals.$2aat 608 $aPeriodicals.$2fast 608 $aPeriodicals.$2lcgft 608 $aPe?riodiques.$2rvmgf 615 0$aCloning 615 0$aClone cells 615 0$aStem cells 615 0$aCell differentiation. 615 0$aClone cells. 615 0$aHematopoietic stem cells. 615 0$aStem cells. 615 2$aCell Differentiation. 615 2$aCell Division. 615 2$aClone Cells. 615 2$aHematopoietic Stem Cells. 615 2$aStem Cells. 615 6$aClonage 615 6$aClones cellulaires 615 6$aCellules souches 615 6$aCellules$xDiffe?renciation. 615 6$aClones cellulaires. 615 6$aCellules souches he?matopoi?e?tiques. 615 6$aCellules souches. 615 7$aCélulas madre 615 7$aHematopoietic stem cells. 615 7$aCell differentiation. 615 7$aClone cells. 615 7$aCloning. 615 7$aStem cells. 676 $a616.02774 801 0$bHNK 801 1$bHNK 801 2$bMUQ 801 2$bOCLCQ 801 2$bMXC 801 2$bOCLCQ 801 2$bNSD 801 2$bOCLCQ 801 2$bMYG 801 2$bLGG 801 2$bOCLCQ 801 2$bMYG 801 2$bOCLCQ 801 2$bOCLCF 801 2$bVT2 801 2$bOCLCQ 801 2$bLIP 801 2$bOCLCQ 801 2$bOCLCO 801 2$bNLE 801 2$bOCLCQ 801 2$bAU@ 801 2$bOCLCO 801 2$bUKMGB 801 2$bOCLCQ 801 2$bOCLCO 801 2$bLEAUB 801 2$bU3W 801 2$bRDF 801 2$bOCLCA 801 2$bOCLCO 801 2$bOCLCQ 801 2$bUBY 801 2$bOCLCO 801 2$bDLC 801 2$bOCLCQ 801 2$bOCL 801 2$bOCLCL 801 2$bOCLCQ 906 $aJOURNAL 912 $a9910145992203321 996 $aStem cells$9786361 997 $aUNINA